| 000 | 00288 a2200097 4500 | ||
|---|---|---|---|
| 001 | 54473 | ||
| 100 | _amoller, jesper | ||
| 245 | _aStatistical inference and simulation for spatial point processes | ||
| 260 |
_aLondon/ NY _bChapman & Hall,London/ NY _c2003 |
||
| 090 |
_c33907 _d33907 |
||
| 942 |
_aNUST-CAE _cMONOGRAPH _c26566 |
||
| 999 |
_c289546 _d289546 |
||